Cómo obtener un doctorado: manual para estudiantes y tutores

Zapisane w:
Opis bibliograficzny
Główni autorzy: Phillips, Estelle M (Autor), Pugh, Dereck (Autor)
Format: Książka
Język:hiszpański
Wydane: Barcelona Gedisa 2001
Wydanie:1a. ed
Seria:Biblioteca de Educación Herramientas Universitarias, 5
Hasła przedmiotowe:
Etykiety: Dodaj etykietę
Nie ma etykietki, Dołącz pierwszą etykiete!

MARC

LEADER 00000cam a2200000 a 4500
001 UCH0934
003 CL-VaPUC
008 090402e20010000SP |||||||||||||||||spa|d
020 |a 8474327474 
082 0 4 |a 378.25  |b PHI  |2 21 
100 0 |a Phillips, Estelle M  |e author  |9 535312 
700 0 |a Pugh, Dereck  |e author  |9 535313 
245 1 0 |a Cómo obtener un doctorado: manual para estudiantes y tutores 
250 |a 1a. ed 
300 |a 271 p 
942 |c BK 
945 |d 20090402 00:00:00  |a rbrito 
260 |a Barcelona  |b Gedisa  |c 2001 
650 0 |a Educación superior   |9 223851 
650 7 |a GRADOS ACADEMICOS  |2 CL-VaPUC  |9 257233 
650 7 |a DOCTORADO  |2 CL-VaPUC  |9 535314 
650 7 |a TESIS  |2 CL-VaPUC  |9 257341 
583 |a last modification  |c 20140121 08:41:11  |k Rodrigo Vera 
490 0 |a Biblioteca de Educación Herramientas Universitarias, 5 
999 |c 333102  |d 333100 
952 |0 0  |1 0  |4 0  |6 378_250000000000000_PHI_2001  |7 0  |8 A  |9 421274  |a BIBEDU  |b BIBEDU  |d 2019-11-22  |i 4901223  |o 378.25 PHI 2001  |p 4901223  |r 2019-11-22  |w 2019-11-22  |y BK  |k PSI 
952 |0 0  |1 0  |4 0  |6 378_250000000000000_PHI_2001  |7 0  |8 A  |9 421275  |a BIBEDU  |b BIBEDU  |d 2019-11-22  |i 4901231  |o 378.25 PHI 2001  |p 4901231  |r 2019-11-22  |w 2019-11-22  |y BK  |k PSI